[Event "NB II. Toth Laszlo csoport"]
[Site "Bekesszentandras"]
[Date "2024.03.10"]
[Round "6.10"]
[White "Fulajtar, Istvan"]
[Black "Tallo, Laszlo"]
[Result "1-0"]
[WhiteElo "1684"]
[BlackElo "1752"]
[PlyCount "73"]
[EventDate "2023.10.08"]
[EventType "team-tourn"]
[EventRounds "9"]
[EventCountry "HUN"]
[Source "chess.hu"]
[WhiteTeam "Bekesszentandras-KuTE"]
[BlackTeam "Felegyhaza-Csongrad"]
[WhiteTeamCountry "HUN"]
[BlackTeamCountry "HUN"]

1. e4 e5 2. Nf3 Nc6 3. Bc4 Nf6 4. d3 h6 5. Be3 d5 6. exd5 Nxd5 7. O-O Bg4 8. h3
Bh5 9. Nbd2 Nxe3 10. fxe3 Bc5 11. Qe1 O-O 12. Ne4 Bb6 13. Ng3 Bxf3 14. Rxf3 Na5
15. Rd1 Nxc4 16. dxc4 Qg5 17. Qc3 c6 18. c5 Rad8 19. Rdf1 Bc7 20. Ne4 Qg6 21.
Qc4 Qh5 22. Rg3 Kh8 23. Rgf3 f5 24. Ng3 Qg5 25. h4 Qg6 26. Rxf5 Rxf5 27. Nxf5
Rd2 28. Qe4 Rd5 29. Qf3 Rxc5 30. c3 Qf6 31. Qh5 Kh7 32. Nxg7 Qg6 33. Qxg6+ Kxg6
34. Ne6 Rd5 35. Nxc7 Rd7 36. Ne6 Re7 37. Nc5 1-0

[Event "NB II. Toth Laszlo csoport"]
[Site "Bekesszentandras"]
[Date "2024.03.10"]
[Round "6.11"]
[White "Szantai, Andras"]
[Black "Pillar, Pal"]
[Result "1-0"]
[WhiteElo "1700"]
[BlackElo "1503"]
[PlyCount "83"]
[EventDate "2023.10.08"]
[EventType "team-tourn"]
[EventRounds "9"]
[EventCountry "HUN"]
[Source "chess.hu"]
[WhiteTeam "Felegyhaza-Csongrad"]
[BlackTeam "Bekesszentandras-KuTE"]
[WhiteTeamCountry "HUN"]
[BlackTeamCountry "HUN"]

1. c4 c5 2. Nc3 Nc6 3. g3 g6 4. Bg2 Bg7 5. e3 Nf6 6. Nge2 O-O 7. O-O e6 8. d4
cxd4 9. Nxd4 Nxd4 10. exd4 a6 11. Bg5 h6 12. Bf4 Re8 13. Qd2 Kh7 14. d5 e5 15.
Be3 d6 16. Na4 Nd7 17. Nc3 f5 18. Ne2 b6 19. f4 e4 20. Bd4 Rg8 21. Bxg7 Rxg7
22. Nd4 Nf8 23. Rfd1 Qc7 24. Rac1 Bd7 25. Ne6 Nxe6 26. dxe6 Qc5+ 27. Kh1 Bxe6
28. b4 Qc7 29. Qxd6 Qxd6 30. Rxd6 Bg8 31. Rxb6 Raa7 32. Rd6 Rad7 33. Rxd7 Rxd7
34. Bf1 Rd2 35. c5 Rxa2 36. c6 e3 37. c7 Bd5+ 38. Kg1 Be6 39. Bc4 Rd2 40. Bxe6
e2 41. Bb3 Rb2 42. c8=Q 1-0

[Event "NB II. Toth Laszlo csoport"]
[Site "Kiskunfelegyhaza"]
[Date "2024.04.07"]
[Round "7.1"]
[White "Kunos, Zoltan"]
[Black "Kovacs, Zoltan"]
[Result "1/2-1/2"]
[WhiteElo "2059"]
[BlackElo "2080"]
[PlyCount "51"]
[EventDate "2023.10.08"]
[EventType "team-tourn"]
[EventRounds "9"]
[EventCountry "HUN"]
[Source "chess.hu"]
[WhiteTeam "Oroshazi SE"]
[BlackTeam "Felegyhaza-Csongrad"]
[WhiteTeamCountry "HUN"]
[BlackTeamCountry "HUN"]

1. d4 e6 2. Bf4 Nf6 3. e3 d5 4. Bd3 Bd6 5. Qf3 Nc6 6. Bxd6 Qxd6 7. Qg3 Qxg3 8.
hxg3 e5 9. dxe5 Nxe5 10. Nc3 Nxd3+ 11. cxd3 Bf5 12. O-O-O O-O-O 13. Nf3 Rhe8
14. Nh4 Bg4 15. Rde1 h5 16. Nf3 Bxf3 17. gxf3 d4 18. exd4 Rxe1+ 19. Rxe1 Rxd4
20. Kc2 Kd7 21. Re5 g6 22. Re1 b6 23. Nb5 Rd5 24. Nc3 Rd4 25. Nb5 Rd5 26. Nc3
1/2-1/2

[Event "NB II. Toth Laszlo csoport"]
[Site "Kiskunfelegyhaza"]
[Date "2024.04.07"]
[Round "7.2"]
[White "Kemeny, Csaba"]
[Black "Kakuk, Sandor"]
[Result "1/2-1/2"]
[WhiteElo "2059"]
[BlackElo "2048"]
[PlyCount "24"]
[EventDate "2023.10.08"]
[EventType "team-tourn"]
[EventRounds "9"]
[EventCountry "HUN"]
[Source "chess.hu"]
[WhiteTeam "Felegyhaza-Csongrad"]
[BlackTeam "Oroshazi SE"]
[WhiteTeamCountry "HUN"]
[BlackTeamCountry "HUN"]

1. d4 d5 2. f4 Nc6 3. Nf3 Bg4 4. e3 e6 5. c3 Bd6 6. Bd3 Nf6 7. Nbd2 O-O 8. O-O
Ne7 9. Qe1 Bf5 10. e4 dxe4 11. Nxe4 Nxe4 12. Bxe4 c6 1/2-1/2

[Event "NB II. Toth Laszlo csoport"]
[Site "Kiskunfelegyhaza"]
[Date "2024.04.07"]
[Round "7.4"]
[White "Karsai, Istvan"]
[Black "Kulcsar, Jozsef"]
[Result "1/2-1/2"]
[WhiteElo "1984"]
[BlackElo "1986"]
[PlyCount "22"]
[EventDate "2023.10.08"]
[EventType "team-tourn"]
[EventRounds "9"]
[EventCountry "HUN"]
[Source "chess.hu"]
[WhiteTeam "Felegyhaza-Csongrad"]
[BlackTeam "Oroshazi SE"]
[WhiteTeamCountry "HUN"]
[BlackTeamCountry "HUN"]

1. d4 Nf6 2. c4 e6 3. Nc3 Bb4 4. e3 O-O 5. Bd3 b6 6. Nge2 Bb7 7. O-O Bxc3 8.
Nxc3 d6 9. e4 Nbd7 10. Be3 Qe7 11. Qe2 e5 1/2-1/2

[Event "NB II. Toth Laszlo csoport"]
[Site "Kiskunfelegyhaza"]
[Date "2024.04.07"]
[Round "7.5"]
[White "Bacsi, Kristof"]
[Black "Szekeres, Sebestyen"]
[Result "1/2-1/2"]
[WhiteElo "1937"]
[BlackElo "1961"]
[PlyCount "46"]
[EventDate "2023.10.08"]
[EventType "team-tourn"]
[EventRounds "9"]
[EventCountry "HUN"]
[Source "chess.hu"]
[WhiteTeam "Oroshazi SE"]
[BlackTeam "Felegyhaza-Csongrad"]
[WhiteTeamCountry "HUN"]
[BlackTeamCountry "HUN"]

1. d4 d5 2. Nf3 e6 3. c4 Nf6 4. Nc3 Be7 5. e3 O-O 6. Bd3 b6 7. cxd5 exd5 8. O-O
Bg4 9. b3 c6 10. Bb2 Nbd7 11. Rc1 Rc8 12. h3 Bh5 13. Bf5 Bg6 14. Bxg6 hxg6 15.
Qd3 Bd6 16. Rfe1 Re8 17. e4 dxe4 18. Nxe4 Nxe4 19. Rxe4 Rxe4 20. Qxe4 Nf6 21.
Qh4 Be7 22. Ne5 Qd5 23. Qf4 Bf8 1/2-1/2

[Event "NB II. Toth Laszlo csoport"]
[Site "Kiskunfelegyhaza"]
[Date "2024.04.07"]
[Round "7.6"]
[White "Kelemen, Sandor"]
[Black "Monus, Zoltan"]
[Result "0-1"]
[WhiteElo "1922"]
[BlackElo "1952"]
[PlyCount "54"]
[EventDate "2023.10.08"]
[EventType "team-tourn"]
[EventRounds "9"]
[EventCountry "HUN"]
[Source "chess.hu"]
[WhiteTeam "Felegyhaza-Csongrad"]
[BlackTeam "Oroshazi SE"]
[WhiteTeamCountry "HUN"]
[BlackTeamCountry "HUN"]

1. e4 Nf6 2. d3 d5 3. e5 Nfd7 4. d4 e6 5. Nd2 c5 6. c3 Nc6 7. Ndf3 cxd4 8. cxd4
Bb4+ 9. Bd2 Qb6 10. Ne2 O-O 11. Bxb4 Qxb4+ 12. Qd2 f6 13. exf6 Nxf6 14. a3
Qxd2+ 15. Nxd2 e5 16. dxe5 Nxe5 17. Ng3 Nfg4 18. f3 Ne3 19. Rb1 Bd7 20. Kf2
Nxf1 21. Ndxf1 Rac8 22. Rd1 Rc2+ 23. Ne2 Bb5 24. Nfg3 Ng4+ 25. Ke1 Ne3 26. Rb1
Nxg2+ 27. Kf2 Nf4 0-1

[Event "NB II. Toth Laszlo csoport"]
[Site "Kiskunfelegyhaza"]
[Date "2024.04.07"]
[Round "7.8"]
[White "Hideg, Ferenc Bendeguz"]
[Black "Bogdany, Gabor"]
[Result "1-0"]
[WhiteElo "1870"]
[BlackElo "1936"]
[PlyCount "31"]
[EventDate "2023.10.08"]
[EventType "team-tourn"]
[EventRounds "9"]
[EventCountry "HUN"]
[Source "chess.hu"]
[WhiteTeam "Felegyhaza-Csongrad"]
[BlackTeam "Oroshazi SE"]
[WhiteTeamCountry "HUN"]
[BlackTeamCountry "HUN"]

1. d4 d5 2. c4 c6 3. Nf3 Nf6 4. Nc3 e6 5. Bg5 Nbd7 6. e3 Be7 7. Bd3 dxc4 8.
Bxc4 Nd5 9. Bxe7 Qxe7 10. O-O b5 11. Nxd5 exd5 12. Bd3 Nf6 13. Qc2 Bd7 14. Ne5
Rc8 15. Rac1 Ng4 16. Nxd7 1-0

[Event "NB II. Toth Laszlo csoport"]
[Site "Kiskunfelegyhaza"]
[Date "2024.04.07"]
[Round "7.9"]
[White "Berta, Gergely"]
[Black "Hideg, Istvan Benjamin"]
[Result "1-0"]
[WhiteElo "1974"]
[BlackElo "1860"]
[PlyCount "52"]
[EventDate "2023.10.08"]
[EventType "team-tourn"]
[EventRounds "9"]
[EventCountry "HUN"]
[Source "chess.hu"]
[WhiteTeam "Oroshazi SE"]
[BlackTeam "Felegyhaza-Csongrad"]
[WhiteTeamCountry "HUN"]
[BlackTeamCountry "HUN"]

1. e4 c5 2. Nf3 Nc6 3. c3 d5 4. e5 Bg4 5. Bb5 Qb6 6. Bxc6+ bxc6 7. d4 cxd4 8.
Qxd4 Bxf3 9. Qxb6 axb6 10. gxf3 e6 11. Be3 c5 12. Na3 Ne7 13. Nb5 Kd7 14. Ke2
Nf5 15. c4 dxc4 16. a4 Be7 17. Rhc1 Rhc8 18. Rxc4 Kc6 19. b3 f6 20. f4 g5 21.
Re4 gxf4 22. Bxf4 Re8 23. Rd1 Rad8 24. Rxd8 Bxd8 25. Kd3 Kd5 26. exf6 Nh6 1-0

[Event "NB II. Toth Laszlo csoport"]
[Site "Kiskunfelegyhaza"]
[Date "2024.04.07"]
[Round "7.10"]
[White "Tanacs, Istvan"]
[Black "Safran, Istvan"]
[Result "0-1"]
[WhiteElo "1716"]
[BlackElo "1812"]
[PlyCount "50"]
[EventDate "2023.10.08"]
[EventType "team-tourn"]
[EventRounds "9"]
[EventCountry "HUN"]
[Source "chess.hu"]
[WhiteTeam "Felegyhaza-Csongrad"]
[BlackTeam "Oroshazi SE"]
[WhiteTeamCountry "HUN"]
[BlackTeamCountry "HUN"]

1. b4 Nf6 2. Bb2 b6 3. e3 Bb7 4. c4 d6 5. Nf3 Nbd7 6. d4 g6 7. Nbd2 Bg7 8. Be2
O-O 9. O-O e6 10. a4 c5 11. b5 Qc7 12. Qc2 Rac8 13. Ng5 d5 14. f4 cxd4 15. Bxd4
e5 16. fxe5 Nxe5 17. Qd1 Qe7 18. a5 Nfd7 19. a6 Ba8 20. Rc1 Qxg5 21. Nf3 Nxf3+
22. Bxf3 Ne5 23. c5 bxc5 24. Bxc5 Rxc5 25. Rxc5 Qxe3+ 0-1

[Event "NB II. Toth Laszlo csoport"]
[Site "Kiskunfelegyhaza"]
[Date "2024.04.07"]
[Round "7.11"]
[White "Pasztorcsik, Janos"]
[Black "Csak, Zoltan Barnabas"]
[Result "1-0"]
[WhiteElo "1892"]
[BlackElo "1571"]
[PlyCount "59"]
[EventDate "2023.10.08"]
[EventType "team-tourn"]
[EventRounds "9"]
[EventCountry "HUN"]
[Source "chess.hu"]
[WhiteTeam "Oroshazi SE"]
[BlackTeam "Felegyhaza-Csongrad"]
[WhiteTeamCountry "HUN"]
[BlackTeamCountry "HUN"]

1. d4 d5 2. Bg5 f6 3. Bf4 c5 4. e3 Nc6 5. Bb5 a6 6. Bxc6+ bxc6 7. c3 h5 8. h4
Bf5 9. Nf3 e6 10. Nbd2 Be7 11. Qb3 c4 12. Qa4 Qb6 13. O-O Qb5 14. Qxb5 cxb5 15.
Rfe1 Be4 16. Nxe4 dxe4 17. Nd2 f5 18. a4 Rd8 19. axb5 axb5 20. f3 Bxh4 21. g3
Bf6 22. fxe4 g5 23. Bc7 Rd7 24. Bb6 h4 25. exf5 exf5 26. e4 Rdh7 27. exf5+ Kf7
28. g4 Ne7 29. Ra7 Re8 30. Ne4 1-0

[Event "NB II. Toth Laszlo csoport"]
[Site "Szeged"]
[Date "2024.04.07"]
[Round "7.1"]
[White "Fabian Nagy, Sandor"]
[Black "Tapodi, Norman Lajos"]
[Result "1/2-1/2"]
[WhiteElo "1963"]
[BlackElo "2096"]
[PlyCount "109"]
[EventDate "2023.10.08"]
[EventType "team-tourn"]
[EventRounds "9"]
[EventCountry "HUN"]
[Source "chess.hu"]
[WhiteTeam "Bekesszentandras-KuTE"]
[BlackTeam "Meritum Egyesulet"]
[WhiteTeamCountry "HUN"]
[BlackTeamCountry "HUN"]

1. e4 c5 2. Nf3 d6 3. d4 cxd4 4. Nxd4 Nf6 5. Nc3 a6 6. a4 e5 7. Nb3 Be7 8. Bc4
Qc7 9. Qe2 O-O 10. Be3 Be6 11. Nd5 Nxd5 12. Bxd5 Bxd5 13. exd5 Nd7 14. a5 Rac8
15. c3 f5 16. f3 Bh4+ 17. g3 Be7 18. O-O f4 19. gxf4 Nf6 20. Bb6 Qb8 21. fxe5
dxe5 22. c4 Nh5 23. c5 Nf4 24. Qd1 Rf6 25. Ra4 Rcf8 26. d6 Bd8 27. d7 Rg6+ 28.
Kh1 Bxb6 29. axb6 Qd8 30. Re4 Qh4 31. Qd2 Qh3 32. Rf2 Rd8 33. Rxe5 Qxd7 34.
Qxd7 Rxd7 35. Rd2 Nd3 36. Ree2 a5 37. Nxa5 Nxc5 38. Rxd7 Nxd7 39. Nxb7 Nxb6 40.
Nd8 h5 41. Re8+ Kh7 42. Nf7 Rf6 43. Ng5+ Kg6 44. h4 Rf4 45. Re6+ Kf5 46. Rxb6
Rxh4+ 47. Kg2 Kxg5 48. Rb5+ Kf6 49. b4 g5 50. Rb8 Rc4 51. b5 Rc2+ 52. Kg3 h4+
53. Kh3 Rf2 54. Rf8+ Kg7 55. Rf5 1/2-1/2

[Event "NB II. Toth Laszlo csoport"]
[Site "Szeged"]
[Date "2024.04.07"]
[Round "7.2"]
[White "Retkes, Peter"]
[Black "Puskas, Mihaly"]
[Result "1/2-1/2"]
[WhiteElo "2099"]
[BlackElo "1951"]
[PlyCount "104"]
[EventDate "2023.10.08"]
[EventType "team-tourn"]
[EventRounds "9"]
[EventCountry "HUN"]
[Source "chess.hu"]
[WhiteTeam "Meritum Egyesulet"]
[BlackTeam "Bekesszentandras-KuTE"]
[WhiteTeamCountry "HUN"]
[BlackTeamCountry "HUN"]

1. b3 d5 2. Bb2 c5 3. f4 Nf6 4. Nf3 Nc6 5. e3 Bg4 6. Be2 e6 7. O-O Be7 8. h3
Bxf3 9. Bxf3 O-O 10. d3 Qb6 11. Qe1 Rfd8 12. Nd2 Rac8 13. g4 c4 14. g5 Ne8 15.
a3 Nd6 16. dxc4 Nf5 17. b4 Qxe3+ 18. Kh1 Qxf4 19. Rf2 Qg3 20. Bg4 Bxg5 21. Nf3
Be3 22. Rg2 Qxe1+ 23. Rxe1 Bh6 24. Bxf5 exf5 25. Nh4 Re8 26. Rxe8+ Rxe8 27.
cxd5 Re1+ 28. Rg1 Rxg1+ 29. Kxg1 Be3+ 30. Kg2 Nd4 31. Bxd4 Bxd4 32. Nxf5 Be5
33. Kf3 Kf8 34. Ke4 f6 35. Ne3 b5 36. Nd1 Ke7 37. Kd3 f5 38. c4 bxc4+ 39. Kxc4
Kd6 40. a4 g5 41. b5 h5 42. a5 g4 43. hxg4 fxg4 44. Ne3 Kc7 45. Kd3 g3 46. Ke4
Bc3 47. b6+ axb6 48. axb6+ Kxb6 49. Kf3 h4 50. Nf5 Bf6 51. Nxg3 hxg3 52. Kxg3
Kc5 1/2-1/2

[Event "NB II. Toth Laszlo csoport"]
[Site "Szeged"]
[Date "2024.04.07"]
[Round "7.3"]
[White "Hajdu, Istvan"]
[Black "Varga, Gabor"]
[Result "1-0"]
[WhiteElo "1881"]
[BlackElo "1968"]
[PlyCount "98"]
[EventDate "2023.10.08"]
[EventType "team-tourn"]
[EventRounds "9"]
[EventCountry "HUN"]
[Source "chess.hu"]
[WhiteTeam "Bekesszentandras-KuTE"]
[BlackTeam "Meritum Egyesulet"]
[WhiteTeamCountry "HUN"]
[BlackTeamCountry "HUN"]

1. e4 c5 2. Nf3 e6 3. c4 Nc6 4. d4 cxd4 5. Nxd4 a6 6. Be3 Nf6 7. Nc3 Bb4 8.
Nxc6 bxc6 9. Bd3 Bxc3+ 10. bxc3 Qa5 11. Qb3 O-O 12. O-O Ng4 13. Bf4 Ne5 14. Be2
f5 15. Be3 c5 16. f4 Nf7 17. e5 Ra7 18. Bf3 d6 19. exd6 Nxd6 20. Rfd1 Rd8 21.
Rd2 Bb7 22. Rad1 Bxf3 23. gxf3 Rb7 24. Qc2 Nf7 25. Rxd8+ Nxd8 26. Rd6 Re7 27.
Qb3 Kf7 28. Bf2 Qc7 29. Qb6 Qxb6 30. Rxb6 Nb7 31. Rxa6 Ke8 32. Bh4 Rd7 33.
Rxe6+ Kf7 34. Re2 g6 35. Bf2 Rd3 36. Rb2 Nd6 37. Bxc5 Nxc4 38. Rb7+ Ke6 39.
Re7+ Kf6 40. Rxh7 Rxf3 41. Bd4+ Ke6 42. Rc7 Nd2 43. Be5 Rd3 44. Rc6+ Ke7 45.
Rxg6 Ne4 46. a4 Nxc3 47. a5 Ne4 48. a6 Ra3 49. a7 Kd7 1-0

[Event "NB II. Toth Laszlo csoport"]
[Site "Szeged"]
[Date "2024.04.07"]
[Round "7.4"]
[White "Retkes, Sandor"]
[Black "Brhlik, Gyorgy"]
[Result "1-0"]
[WhiteElo "1965"]
[BlackElo "1942"]
[PlyCount "41"]
[EventDate "2023.10.08"]
[EventType "team-tourn"]
[EventRounds "9"]
[EventCountry "HUN"]
[Source "chess.hu"]
[WhiteTeam "Meritum Egyesulet"]
[BlackTeam "Bekesszentandras-KuTE"]
[WhiteTeamCountry "HUN"]
[BlackTeamCountry "HUN"]

1. d4 d5 2. Bf4 Nf6 3. Nf3 e6 4. e3 c5 5. Nbd2 Nc6 6. c3 Be7 7. Bd3 Qb6 8. Rb1
Nh5 9. Bg3 cxd4 10. exd4 Nf6 11. Ne5 Qd8 12. Bf4 Bd6 13. Qf3 O-O 14. g4 Ne8 15.
g5 f5 16. gxf6 Qxf6 17. Qh5 h6 18. Bg3 Ne7 19. Bh4 Qf4 20. Bxe7 Bxe7 21. Qg6
1-0

[Event "NB II. Toth Laszlo csoport"]
[Site "Szeged"]
[Date "2024.04.07"]
[Round "7.5"]
[White "Bogar, Attila"]
[Black "Csuri, Laszlo"]
[Result "0-1"]
[WhiteElo "1865"]
[BlackElo "1975"]
[PlyCount "60"]
[EventDate "2023.10.08"]
[EventType "team-tourn"]
[EventRounds "9"]
[EventCountry "HUN"]
[Source "chess.hu"]
[WhiteTeam "Bekesszentandras-KuTE"]
[BlackTeam "Meritum Egyesulet"]
[WhiteTeamCountry "HUN"]
[BlackTeamCountry "HUN"]

1. d4 d5 2. Nf3 Nf6 3. Bf4 c5 4. e3 Nc6 5. dxc5 Bg4 6. Be2 e6 7. O-O Bxc5 8.
Ne5 Bf5 9. Nxc6 bxc6 10. Nd2 Bd6 11. Bxd6 Qxd6 12. c4 O-O 13. Nb3 e5 14. h3
Rfd8 15. Rc1 d4 16. exd4 exd4 17. Bd3 Bxd3 18. Qxd3 c5 19. Rfe1 g6 20. Qg3 Qxg3
21. fxg3 Nd7 22. Re7 Kf8 23. Rce1 a5 24. Nc1 Re8 25. Rxe8+ Rxe8 26. Rxe8+ Kxe8
27. Kf2 Ke7 28. a3 Kd6 29. b3 Ne5 30. Ne2 a4 0-1

[Event "NB II. Toth Laszlo csoport"]
[Site "Szeged"]
[Date "2024.04.07"]
[Round "7.6"]
[White "Berczi, Peter"]
[Black "Radics, Laszlo"]
[Result "1-0"]
[WhiteElo "2013"]
[BlackElo "1895"]
[PlyCount "67"]
[EventDate "2023.10.08"]
[EventType "team-tourn"]
[EventRounds "9"]
[EventCountry "HUN"]
[Source "chess.hu"]
[WhiteTeam "Meritum Egyesulet"]
[BlackTeam "Bekesszentandras-KuTE"]
[WhiteTeamCountry "HUN"]
[BlackTeamCountry "HUN"]

1. c4 e5 2. g3 c6 3. d4 exd4 4. Qxd4 Qf6 5. Qd3 Bb4+ 6. Nd2 Ne7 7. Bg2 Na6 8.
Ngf3 O-O 9. O-O Nc5 10. Ne4 Nxe4 11. Qxe4 d5 12. cxd5 Nxd5 13. a3 Bf5 14. Qc4
Ba5 15. e4 b5 16. Qc2 Bg6 17. Nh4 Ne7 18. a4 bxa4 19. Rxa4 Bb6 20. Bd2 Rac8 21.
Bc3 Qe6 22. Kh1 f6 23. Nxg6 hxg6 24. f4 Rfd8 25. h4 Qd7 26. Qb3+ Kh7 27. Kh2
Qd3 28. Qf7 Ng8 29. h5 gxh5 30. e5 Qe2 31. Re1 Qc2 32. exf6 Rc7 33. Re7 Rxe7
34. fxe7 1-0

[Event "NB II. Toth Laszlo csoport"]
[Site "Szeged"]
[Date "2024.04.07"]
[Round "7.7"]
[White "Zsirmik, Zsombor"]
[Black "Havasi, Gergely Bulcsu"]
[Result "1/2-1/2"]
[WhiteElo "1727"]
[BlackElo "1920"]
[PlyCount "27"]
[EventDate "2023.10.08"]
[EventType "team-tourn"]
[EventRounds "9"]
[EventCountry "HUN"]
[Source "chess.hu"]
[WhiteTeam "Bekesszentandras-KuTE"]
[BlackTeam "Meritum Egyesulet"]
[WhiteTeamCountry "HUN"]
[BlackTeamCountry "HUN"]

1. e4 e6 2. d4 d5 3. exd5 exd5 4. Bd3 Bd6 5. Ne2 Nf6 6. Bg5 O-O 7. Nbc3 c6 8.
Qd2 Nbd7 9. f3 b5 10. O-O Qc7 11. Bf4 Re8 12. Rfe1 Bb7 13. Bxd6 Qxd6 14. Ng3
1/2-1/2

[Event "NB II. Toth Laszlo csoport"]
[Site "Szeged"]
[Date "2024.04.07"]
[Round "7.8"]
[White "Vadkerti, Vince"]
[Black "Kovacs, Tibor T"]
[Result "1-0"]
[WhiteElo "1890"]
[BlackElo "1795"]
[PlyCount "66"]
[EventDate "2023.10.08"]
[EventType "team-tourn"]
[EventRounds "9"]
[EventCountry "HUN"]
[Source "chess.hu"]
[WhiteTeam "Meritum Egyesulet"]
[BlackTeam "Bekesszentandras-KuTE"]
[WhiteTeamCountry "HUN"]
[BlackTeamCountry "HUN"]

1. e4 e6 2. d4 d5 3. Nd2 dxe4 4. Nxe4 Nd7 5. Nf3 Ngf6 6. Nxf6+ Nxf6 7. Bd3 b6
8. Qe2 Bb7 9. Bg5 Be7 10. O-O-O h6 11. Bd2 Bd6 12. Rhe1 O-O 13. Kb1 c5 14. dxc5
Bxc5 15. Ne5 Qc7 16. g4 Bd6 17. f4 Bxe5 18. fxe5 Nh7 19. h4 Rad8 20. g5 hxg5
21. Bxh7+ Kxh7 22. Qh5+ Kg8 23. hxg5 g6 24. Qh6 Qc6 25. Re3 Rxd2 26. Rxd2 Qh1+
27. Qxh1 Bxh1 28. Rh3 Be4 29. Rdh2 f5 30. exf6 Kf7 31. Rh7+ Ke8 32. Re7+ Kd8
33. Rd2+ Kc8 1-0

[Event "NB II. Toth Laszlo csoport"]
[Site "Szeged"]
[Date "2024.04.07"]
[Round "7.9"]
[White "Aczel-Szabo, Csongor"]
[Black "Havasi, Mate Pal"]
[Result "1-0"]
[WhiteElo "1706"]
[BlackElo "1825"]
[PlyCount "75"]
[EventDate "2023.10.08"]
[EventType "team-tourn"]
[EventRounds "9"]
[EventCountry "HUN"]
[Source "chess.hu"]
[WhiteTeam "Bekesszentandras-KuTE"]
[BlackTeam "Meritum Egyesulet"]
[WhiteTeamCountry "HUN"]
[BlackTeamCountry "HUN"]

1. d4 e6 2. c4 Nf6 3. Nf3 d5 4. Bf4 c5 5. e3 Nc6 6. Nc3 a6 7. h3 Be7 8. dxc5
Bxc5 9. Qc2 Bb4 10. a3 Bxc3+ 11. Qxc3 dxc4 12. Bxc4 O-O 13. Ne5 Ne4 14. Nxc6
bxc6 15. Qc2 Nf6 16. O-O Qb6 17. Rfd1 Nd5 18. Bg3 Ra7 19. Bd6 Rd8 20. Bxd5 Rxd6
21. Bxc6 Rxd1+ 22. Rxd1 g6 23. Qc3 Re7 24. Bf3 Re8 25. h4 Bb7 26. h5 Bxf3 27.
h6 e5 28. gxf3 g5 29. Rd5 Qxh6 30. Rxe5 Rd8 31. Qc2 Qh5 32. Kg2 Rd6 33. Re8+
Kg7 34. Qc3+ Rf6 35. Rg8+ Kxg8 36. Qxf6 g4 37. Qd8+ Kg7 38. Qd4+ 1-0

[Event "NB II. Toth Laszlo csoport"]
[Site "Szeged"]
[Date "2024.04.07"]
[Round "7.10"]
[White "Havasi, Huba Laszlo"]
[Black "Fulajtar, Istvan"]
[Result "1-0"]
[WhiteElo "1754"]
[BlackElo "1696"]
[PlyCount "149"]
[EventDate "2023.10.08"]
[EventType "team-tourn"]
[EventRounds "9"]
[EventCountry "HUN"]
[Source "chess.hu"]
[WhiteTeam "Meritum Egyesulet"]
[BlackTeam "Bekesszentandras-KuTE"]
[WhiteTeamCountry "HUN"]
[BlackTeamCountry "HUN"]

1. d4 Nf6 2. Bf4 e6 3. e3 d5 4. Nf3 Bd6 5. Bg3 Nc6 6. c3 h6 7. Bd3 O-O 8. O-O
Bxg3 9. hxg3 Re8 10. Bb5 Bd7 11. Nbd2 a6 12. Bxc6 Bxc6 13. Ne5 Qd6 14. c4 dxc4
15. Ndxc4 Qd5 16. Nxc6 Qxc6 17. Qb3 Qd5 18. Rac1 Rac8 19. Nd2 Qxb3 20. Nxb3 b6
21. Rc2 Re7 22. Rfc1 Kf8 23. Nd2 Nd5 24. a3 Ke8 25. e4 Nf6 26. f3 Rd7 27. Nb3
Kd8 28. Kf2 Ne8 29. g4 g6 30. Rh1 a5 31. Ke3 a4 32. Nd2 c5 33. dxc5 Rxc5 34.
Rxc5 bxc5 35. Nc4 Rb7 36. Rxh6 Ke7 37. Rh1 Rb3+ 38. Kf4 Nd6 39. Nxd6 Kxd6 40.
Rd1+ Ke7 41. Rd2 f6 42. e5 fxe5+ 43. Kxe5 g5 44. Ke4 Kf6 45. Rc2 c4 46. Rxc4
Rxb2 47. g3 Re2+ 48. Kd3 Rf2 49. Ke3 Rb2 50. Rxa4 Rb3+ 51. Ke4 Rb1 52. f4 Rb3
53. Ra5 Rxg3 54. fxg5+ Kg6 55. Kf4 Rg1 56. Re5 Rf1+ 57. Ke4 Ra1 58. Ra5 Re1+
59. Kf3 e5 60. Ra4 Kxg5 61. Re4 Rf1+ 62. Ke2 Ra1 63. Rxe5+ Kxg4 64. Ra5 Kf4 65.
Kd3 Rc1 66. Kd4 Rc8 67. a4 Kf3 68. Kd5 Ke3 69. Rc5 Rb8 70. a5 Rb1 71. Kc6 Rb8
72. a6 Rb1 73. a7 Ra1 74. Kb6 Kd4 75. Ra5 1-0

[Event "NB II. Toth Laszlo csoport"]
[Site "Szeged"]
[Date "2024.04.07"]
[Round "7.11"]
[White "Juhasz, Attila"]
[Black "Miksi, Benjamin"]
[Result "1/2-1/2"]
[WhiteElo "1624"]
[BlackElo "1647"]
[PlyCount "86"]
[EventDate "2023.10.08"]
[EventType "team-tourn"]
[EventRounds "9"]
[EventCountry "HUN"]
[Source "chess.hu"]
[WhiteTeam "Bekesszentandras-KuTE"]
[BlackTeam "Meritum Egyesulet"]
[WhiteTeamCountry "HUN"]
[BlackTeamCountry "HUN"]

1. e4 e6 2. d4 d5 3. exd5 exd5 4. Nf3 Nf6 5. Bd3 Be7 6. Bf4 O-O 7. O-O c6 8.
Nbd2 Bd6 9. Bxd6 Qxd6 10. c3 h6 11. Re1 Bg4 12. Qc2 Bxf3 13. Nxf3 Nbd7 14. Bf5
Rfe8 15. Bxd7 Qxd7 16. Ne5 Qc7 17. Re2 Re7 18. Rae1 Rae8 19. Qf5 Qc8 20. Qxc8
Rxc8 21. Ng4 Rxe2 22. Nxf6+ gxf6 23. Rxe2 Kf8 24. f4 Re8 25. Rxe8+ Kxe8 26. f5
b6 27. Kf2 Ke7 28. Ke3 Kd6 29. Kf4 Ke7 30. h4 Kf8 31. g4 Kg7 32. a4 a6 33. b4
a5 34. bxa5 bxa5 35. Ke3 Kf8 36. Kd3 Ke7 37. c4 Kf8 38. cxd5 cxd5 39. Ke3 Kg8
40. Kf4 Kg7 41. g5 hxg5+ 42. hxg5 fxg5+ 43. Ke5 g4 1/2-1/2

[Event "NB II. Toth Laszlo csoport"]
[Site "Kecskemet"]
[Date "2024.04.07"]
[Round "7.2"]
[White "Horvath, Jozsef"]
[Black "Abel, Lajos"]
[Result "0-1"]
[WhiteElo "2033"]
[BlackElo "2185"]
[PlyCount "82"]
[EventDate "2023.10.08"]
[EventType "team-tourn"]
[EventRounds "9"]
[EventCountry "HUN"]
[Source "chess.hu"]
[WhiteTeam "TAKISZ SE"]
[BlackTeam "Neumann J. Egyetem"]
[WhiteTeamCountry "HUN"]
[BlackTeamCountry "HUN"]

1. c4 c5 2. g3 e6 3. Bg2 Nf6 4. Nf3 Qc7 5. O-O a6 6. Nc3 d6 7. b3 Nbd7 8. Bb2
b6 9. e3 Rb8 10. Qe2 Be7 11. Rfd1 O-O 12. d4 Bb7 13. Rac1 Rfe8 14. Nd2 Bxg2 15.
Kxg2 b5 16. dxc5 Nxc5 17. cxb5 axb5 18. f3 Qb7 19. b4 Ncd7 20. Nb3 Ne5 21. Nd4
Nc4 22. Ndxb5 d5 23. a3 e5 24. Rb1 Qc6 25. Bc1 Rxb5 26. Nxb5 Qxb5 27. Qc2 e4
28. f4 Rc8 29. Qb3 Nb6 30. Rb2 h5 31. Rc2 Nc4 32. Ra2 h4 33. Bb2 hxg3 34. Bxf6
Bxf6 35. hxg3 d4 36. exd4 Qd5 37. Kh2 g6 38. b5 Kg7 39. g4 Rh8+ 40. Kg3 Bh4+
41. Kg2 e3+ 0-1